| 000 | 00361 a2200145 4500 | ||
|---|---|---|---|
| 001 | 181786 | ||
| 020 | _a | ||
| 040 | _cMagnum | ||
| 100 | _aEstado de Minas | ||
| 240 | 1 | 0 |
_a7 Decadas - a historia e a vida de minas em retrato _lpor |
| 245 | 1 | 0 | _a7 Decadas - a historia e a vida de minas em retrato |
| 362 | 0 | _a1899 | |
| 697 | _aMAGNITO: GERAL | ||
| 942 | _cBK | ||
| 999 |
_c181786 _d181786 |
||